| 000 | 00890nam a2200169 a 4500 | ||
|---|---|---|---|
| 008 | 060410s2004 ||||||||||||||||| || u | ||
| 050 | _aUNCTAD(02) | ||
| 110 | _aUnited Nations Conference on Trade and Development (UNCTAD) | ||
| 245 | 1 | 0 |
_aModel law on competition: substantive possible elements for a competition law, commentaries and alternative approaches in existing legislations _cby United Nations Conference on Trade and Development (UNCTAD) |
| 260 |
_aNew York: _bUNITED NATIONS _c2004 |
||
| 300 | _av, 101p.: ill. | ||
| 350 | _a0.00 | ||
| 490 | _aUnited Nations Conference on Trade and Development Series on Issues in Competition Law and Policy | ||
| 650 | _aCOMPETITION, INTERNATIONAL | ||
| 650 | _aLAW | ||
| 995 |
_D0.00 _FCBU-MAIN LIBRARY (Kitwe) _H1 _I0.00 _M1 _UAVAILABLE _WApr 10, 2006 _ZInternational Publications |
||
| 999 |
_c51371 _d51371 |
||